000 00442nam a2200181Ia 4500
001 23800
005 20260414151001.0
008 260414t1999||||xx |||||||||||||| ||spa||
041 _aESP
082 _a709.8
_bL65
100 _aLinares Málaga, Eloy
_eAUT
245 0 _aArte rupestre en Sudamérica :
_bprehistoria
260 _c1999
300 _a207 páginas :
_c30 cm.
650 _aABD
654 _aCAU
942 _cLIB
_dJUS
_fJUS
_2ddc
_n
999 _c23800
_d23800